书目信息 |
| 题名: |
核心稳定性训练
|
|
| 作者: | 利伯曼 著 ;杨溪 译 | |
| 分册: | ||
| 出版信息: | 北京 人民邮电出版社 2015 |
|
| 页数: | 159页 | |
| 开本: | 24cm | |
| 丛书名: | 肌肉训练完全图解 | |
| 单 册: | ||
| 中图分类: | G883 | |
| 科图分类: | ||
| 主题词: | 健身运动--jian shen yun dong--图解 | |
| 电子资源: | ||
| ISBN: | 978-7-115-36954-3 | |
| 000 | 01193nam 2200277 450 | |
| 001 | 1678471897 | |
| 005 | 20150207093609.0 | |
| 010 | @a978-7-115-36954-3@dCNY48.00 | |
| 100 | @a20150101d2015 km y0chiy50 ea | |
| 101 | 1 | @achi |
| 102 | @aCN@b110000 | |
| 105 | @aa z 000yy | |
| 106 | @ar | |
| 200 | 1 | @a核心稳定性训练@Ahe xin wen ding xing xun lian@f(美) 霍利斯·利伯曼著@d= Anatomy of core stability@fHollis Lance Liebman@g杨溪译@zeng |
| 210 | @a北京@c人民邮电出版社@d2015 | |
| 215 | @a159页@c彩图@d24cm | |
| 225 | 2 | @a肌肉训练完全图解@Aji rou xun lian wan quan tu jie |
| 330 | @a本书由美国全国健美冠军霍利斯?兰斯?利伯曼著,全面系统地向读者解析了针对身体核心稳定性的各项训练内容。本书采用分步式的讲解方式,并以相关训练动作的真人演示图片及人体解剖图相结合的方式,直观地展示了人体主要的活跃肌肉以及稳定肌肉的运动情况。另外,书中包含的百余幅三维图解,为读者详细地说明了与每项动作相关的肌肉部位。 | |
| 333 | @a健身爱好者 | |
| 410 | 0 | @12001 @a肌肉训练完全图解 |
| 606 | 0 | @a健身运动@Ajian shen yun dong@j图解 |
| 690 | @aG883@v4 | |
| 701 | 1 | @a利伯曼@Ali bo man@g(Liebman, Hollis Lance)@4著 |
| 702 | 0 | @a杨溪@Ayang xi@4译 |
| 801 | 0 | @aCN@bBP@c20150207 |
| 905 | @aBZT@dG883@e10 | |
| 核心稳定性训练/(美) 霍利斯·利伯曼著= Anatomy of core stability/Hollis Lance Liebman/杨溪译.-北京:人民邮电出版社,2015 |
| 159页:彩图;24cm.-(肌肉训练完全图解) |
| 使用对象:健身爱好者 |
| ISBN 978-7-115-36954-3:CNY48.00 |
| 本书由美国全国健美冠军霍利斯?兰斯?利伯曼著,全面系统地向读者解析了针对身体核心稳定性的各项训练内容。本书采用分步式的讲解方式,并以相关训练动作的真人演示图片及人体解剖图相结合的方式,直观地展示了人体主要的活跃肌肉以及稳定肌肉的运动情况。另外,书中包含的百余幅三维图解,为读者详细地说明了与每项动作相关的肌肉部位。 |
| ● |
| 相关链接 |
|
|
|
正题名:核心稳定性训练
索取号:G883/10
 
预约/预借
| 序号 | 登录号 | 条形码 | 馆藏地/架位号 | 状态 | 备注 |
| 1 | 812756 | 2000812756 | 第二书库/ [索取号:G883/10] | 在馆 | |
| 2 | 812757 | 2000812757 | 第二书库/ [索取号:G883/10] | 在馆 | |
| 3 | 812758 | 2000812758 | 第二书库/ [索取号:G883/10] | 在馆 |